| 000 | 00339nam a22001097a 4500 | ||
|---|---|---|---|
| 999 |
_c6937 _d6937 |
||
| 008 | 200406b ||||| |||| 00| 0 eng d | ||
| 245 |
_aBank of Tanzania: _bAnnual Report 2006/07/ _cBank of Tanzania.- _hEnglish. |
||
| 260 |
_aDar Es Salaam: _bBOT, _c2007. |
||
| 300 |
_axi, 248p; _bill; _c30cm.- |
||
| 650 | _2FINANCIAL REPORT | ||
| 942 |
_2ddc _cBOOKS |
||